تخطي إلى المحتوى

Теория и проектирование лопаточных машин энергетических установок летательных аппаратов учебное пособие

Рассмотрены теория и проектирование лопаточных машин энергетических установок летательного аппарата. Изложены основы теории лопаточных машин: центробежных насосов и осевых реактивных и активных турбин, а также осевых лопаточных компрессоров. Предназначено для обучающихся по специальности 24.05.02 «П...

وصف كامل

محفوظ في:
التفاصيل البيبلوغرافية
المؤلف الرئيسي: Жуйков Д. А.
التنسيق: Книга
اللغة:Russian
منشور في: Красноярск СибГУ им. академика М. Ф. Решетнёва 2024
الوصول للمادة أونلاين:https://e.lanbook.com/book/479321
https://e.lanbook.com/img/cover/book/479321.jpg
الوسوم: إضافة وسم
لا توجد وسوم, كن أول من يضع وسما على هذه التسجيلة!
LEADER 02272nam0a2200277 i 4500
001 479321
003 RuSpLAN
005 20250415174818.0
008 250415s2024 ru gs 000 0 rus
040 |a RuSpLAN 
041 0 |a rus 
044 |a ru 
080 |a 629.7.036.54.063.6:621.675.001.2(075.8) 
084 |a 39.62я73  |2 rubbk 
245 0 0 |a Теория и проектирование лопаточных машин энергетических установок летательных аппаратов  |b учебное пособие  |c Жуйков Д. А. 
260 |a Красноярск  |b СибГУ им. академика М. Ф. Решетнёва  |c 2024 
300 |a 80 с. 
500 |a Утверждено редакционно-издательским советом университета в качестве учебного пособия для обучающихся по специальности 24.05.02 «Проектирование авиационных и ракетных двигателей» очной формы обучения 
504 |a Библиогр.: доступна в карточке книги, на сайте ЭБС Лань 
520 8 |a Рассмотрены теория и проектирование лопаточных машин энергетических установок летательного аппарата. Изложены основы теории лопаточных машин: центробежных насосов и осевых реактивных и активных турбин, а также осевых лопаточных компрессоров. Предназначено для обучающихся по специальности 24.05.02 «Проектирование авиационных и ракетных двигателей» очной формы обучения. 
521 8 |a Книга из коллекции СибГУ им. академика М. Ф. Решетнёва - Инженерно-технические науки 
521 8 |a СЭБ 
100 1 |a Жуйков Д. А. 
856 4 |u https://e.lanbook.com/book/479321 
856 4 8 |u https://e.lanbook.com/img/cover/book/479321.jpg 
953 |a https://e.lanbook.com/img/cover/book/479321.jpg